| 000 | 00860nam a2200205Ia 4500 | ||
|---|---|---|---|
| 003 | OSt | ||
| 005 | 20250218095202.0 | ||
| 007 | ca aa aaaaa | ||
| 008 | 201103s9999 xx 000 0 und d | ||
| 040 | _cSSBUL | ||
| 041 | _abur | ||
| 082 |
_a၂၉၄.၃၄၃၅၀၉ _2၂၃ _bရွှေ |
||
| 100 | _a ရွှေတိဂုံစေတီတော်ဂေါပကအဖွဲ့ | ||
| 245 | 0 |
_aတိဂုမ္မစေတိယထောမနာကျမ်း / _cသာသနာရေးဝန်ကြီးဌာန ။ |
|
| 260 |
_aရန်ကုန် ၊ _bရွှေတိဂုံစေတီတော်ဂေါပကအဖွဲ့ ၊ _c၂၀၁၂ ။ |
||
| 300 |
_a၁၂၀ စာမျက်နှာ ၊ _bပုံများ ၊ _c၁၉ စင်တီ ။ |
||
| 942 |
_cBK _2ddc |
||
| 942 | _2ddc | ||
| 942 | _2ddc | ||
| 999 |
_c18939 _d18939 |
||